00471nam a2200157 i 450000100060000000300090000600700030001500800410001810000240005924500630008326000620014630000270020849000290023583000290026485200200029380108ES-MaACLt|041026s1910 xxk ||||1| eng d1 aHibben, John Grier.14aThe Philosophy of the enlightenment / cJohn Grier Hibben. aLondon : b[s.n., c1910] (eNew York : fScribner Press) aXII, 312 p. ; c21 cm.1 aThe epodes of philosophy0 aThe epodes of philosophy aES-MaACLjC-737